The laser printer handbook

Bibliographic Details
Main Author: Myers, David
Format: Book
Published: Homewood, Illinois : Dow Jones-Irwin , 1989
Subjects:

MARC

LEADER 00000cam a2200000 7i4500
001 0000003629
005 20050503.0
020 |a 1556231334 
040 |a INS 
090 0 0 |a Z249.4.   |b M93 1989 
100 1 |a Myers, David 
245 1 4 |a The laser printer handbook   |c David Myers 
260 |a Homewood, Illinois :   |b Dow Jones-Irwin ,   |c 1989 
300 |a 286 p ;   |c 23 cm. 
650 0 0 |a Printing, practical   |x laser use in printers (data processing systems) 
999 |a 0000004424   |b BOOK   |c Open Shelf   |e Default branch